000 00507nam a2200193Ia 4500
005 20250508151825.0
008 008 250505s9999 xx 000 0 hin d
037 _aTextual
040 _aFEDL
_beng
_cFEDL
041 _ahin
_2eng
084 _a370.7, SAN
_qFEDL
100 _aSantoshraj
_9760085
245 0 _aShikshan vidhi
260 _aJalandhar, India
_bPunjab Kitab Ghar
_c2000
300 _a368p.
650 _aEducation
942 _cTEXL
_h370.7, SAN
999 _c1332333
_d1332333